BIBLIOTHÈQUE DE LA MAISON DU MEXIQUE

Logo 1 Logo 2

Mente y cerebro (notice nᵒ 12222)

détails MARC
000 -Sello discográfico
campo de control de longitud fija 01084nam a2200325 4500
005 - Identificación de versión
campo de control 20251016085124.0
035 ## - Otros números de control del sistema
Número de control del sistema 16464
099 ## - fechas locales
Tipo de ítem Koha LIBRO
100 ## - Datos de procesamiento general
Datos de procesamiento general 19930801d1971 m y1spay5003 ba
105 ## - Campo de datos codificados: Material textual, monográfico
Datos codificados de monografía y 001zy
200 1# - Título y mención de responsabilidad
Título propio Mente y cerebro
Designación general del material texto impreso
Otra información del título una filosofía de la ciencia
Primer mención de responsabilidad Arturo Rosenblueth
205 ## - Declaración de edición
Declaración de edición 2a ed aumentada
210 ## - Publicación, distribución, etc.
Lugar de publicación, distribución, etc. México
Nombre del editor, distribuidor, etc. Siglo Veintiuno Editores
Fecha de publicación, distribución, etc. 1971
215 ## - Descripción física
Designación de material específico y extensión del ítem 154 p
Dimensiones 17 cm
300 ## - Notas generales
Texto de la nota Incluye Biobibliografía
345 ## - Nota de información de adquisición
Fuente de adquisición/dirección de la suscripción [OBSOLETO] Donación
410 #1 - Series
Título Teoría y Crítica
606 ## - Término temático usado como materia
Elemento de entrada Ciencia
Subdivisión temática Filosofía
Número Koha 5638
606 ## - Término temático usado como materia
Elemento de entrada Ciencia
Subdivisión temática Metodología de la
Número Koha 5696
606 ## - Término temático usado como materia
Elemento de entrada Mente y cuerpo
Subdivisión temática Aspectos filosóficos
Número Koha 18854
606 ## - Término temático usado como materia
Elemento de entrada Teoría de identidad mente-cerebro
Número Koha 18855
700 ## - Nombre personal - Responsabilidad primaria
Elemento de entrada Rosenblueth
Parte del nombre distinta del elemento de entrada Arturo
Fechas 1900-1970
Número Koha 15293
801 #0 - Fuente de origen
Agencia cm
900 ## -
-- 1/8966
900 ## -
-- 710934626\\010893
942 ## - ELEMENTOS DE ENTRADA SECUNDARIOS (KOHA)
Tipo de ítem Koha Livre
996 ## -
-- MEX
-- 751145101
-- MMAG
-- 003383
-- 128.3 R81M
-- 20191007LIV
Exemplaires
Estatus retirado Estado de daño Estado de pérdida Fecha de adquisición Biblioteca de origen Biblioteca actual Ubicación en estantería Código de barras Precio de reemplazo Signatura topográfica completa No para préstamo Tipo de ítem Koha Nota pública Nota no pública
      05/08/2025 Casa México Paris Casa México Paris   003383 05/08/2025 128.3 R81M   Livre 20191007LIV 751145101